000 01523nam a2200325 c 4500
003 BLK
005 20250116152450.0
008 180409b bul|||||r ||||||| ||bul||
010 _aKNG00121982000
040 _aBLK
041 _aBUL
_cBUL
080 _aМузика
_b78
_x(07)
_z78(07)
700 _aПеев, Иван Иванов
_d1937-2018
_gМузикант, джазпианист, композитор, аранжор. Автор на песни.
_9304985
139 _aОсновни въпроси на обучението по пеене
_bО 83
245 1 0 _aОсновни въпроси на обучението по пеене
_bЧ. 1 - 7
_cсъстав. и ред. Иван Иванов Пеев.
_nЧ. 6
_pВъпроси на обучението по пеене и музика
257 _aBGR
260 София
_bНар. просв.
_c1965 -
_fЗа том: В. Търново : Д. Найденов
300 _c20 см
380 _a7
650 4 _aМузика - методика на преподаването - за основни училища
_9244269
653 _aмузикално възпитание
653 _aучилище
760 1 _d1977
_h128 с.
_tЧ. 6 Въпроси на обучението по пеене и музика
852 _aЦб 39664
856 4 _qpdf
_u
856 4 _qpdf
_u
942 _cKNG
_n0
944 _aCR
_c15.03.2011
_lГеновева Генчева
_k30560
944 _aED
_c17.04.2014
_lдобави в АБ / 14.03.2011
_k
999 _c116440
_d116440